000 00697nam a2200289Ia 4500
005 20260324135908.0
008 008 260324s9999 xx 000 0 eng d
020 _a9781410601247
037 _aEBOOK
040 _aCRL
040 _beng
040 _cCRL
041 _2eng
041 _aeng
084 _qCRL
100 _aPeter Sedlmeier
_91202325
245 0 _aImproving Statistical Reasoning
245 0 _bTheoretical Models and Practical Implications
260 _bTaylor and Francis
260 _c1999
365 _a
365 _b230
856 _uhttp://www.taylorfrancis.com/books/9781410601247
942 _cEBOOK
999 _c1803863
_d1803863